Pracoviště podílející se na zemědělském výzkumu v České republice = Organizations participating in agricultural research of the Czech Republic

Jazyk: Čeština
Angličtina
Vydáno: Praha : Ministerstvo zemědělství, 2012
Témata:
Fyzický popis: 84 s. ; 21 cm
Language note: Souběžný anglický text
Knihy
Uloženo v:
LEADER 01647nam a2200445 a 4500
001 nkc20122396585
003 CZ PrNK
005 20121016091952.0
007 ta
008 120910s2012 xr e 000 0 cze
015 |a cnb002396585 
020 |a 978-80-7434-056-7  |q (brož.) 
035 |a (OCoLC)817049762 
040 |a OLA001  |b cze 
041 1 |a cze  |a eng  |h cze 
043 |a e-xr--- 
072 7 |a 631  |x Zemědělství. Pedologie. Agrotechnika. Agroekologie  |2 Konspekt  |9 24 
080 |a 631:001.891  |2 MRF 
080 |a 001.32  |2 MRF 
080 |a 061  |2 MRF 
080 |a (437.3)  |2 MRF 
080 |a (048.8)  |2 MRF 
245 0 0 |a Pracoviště podílející se na zemědělském výzkumu v České republice =  |b Organizations participating in agricultural research of the Czech Republic 
246 3 1 |a Organizations participating in agricultural research of the Czech Republic 
260 |a Praha :  |b Ministerstvo zemědělství,  |c 2012 
300 |a 84 s. ;  |c 21 cm 
546 |a Souběžný anglický text 
650 0 7 |a zemědělský výzkum  |7 ph127630  |z Česko  |2 czenas 
650 0 7 |a výzkumné ústavy  |7 ph127482  |z Česko  |2 czenas 
650 0 7 |a instituce a organizace  |7 ph114779  |z Česko  |2 czenas 
650 0 9 |a agricultural research  |z Czechia  |2 eczenas 
650 0 9 |a research institutes  |z Czechia  |2 eczenas 
650 0 9 |a institutions and organizations  |z Czechia  |2 eczenas 
655 7 |a přehledy  |7 fd133202  |2 czenas 
655 9 |a surveys  |2 eczenas 
910 2 |a BOA001  |b 2-1290.574 
990 |a BK 
995 |a 01 
991 |b 201210  |c NOV  |e n 
996 6 |b 2610522591  |c 2-1290.574  |l MZK  |r Sklad / do 1 hodiny  |n 0  |p p.v.  |w 001283896  |u 000010  |a 1  |e BOA001  |j MZK50  |s P